Teoría de los Precios (Registro nro. 4502)

Detalles MARC
000 -LEADER
fixed length control field 01293 a2200217 4500
001 - CONTROL NUMBER
control field 47935
005 - DATE AND TIME OF LATEST TRANSACTION
control field 20260407155745.0
008 - FIXED-LENGTH DATA ELEMENTS--GENERAL INFORMATION
fixed length control field 260407a1966 arg spa d
003 - CONTROL NUMBER IDENTIFIER
control field AR-UNSa-BCEJYS
040 ## - CATALOGING SOURCE
Original cataloging agency AR-UNSa-BCEJYS
Language of cataloging spa
Transcribing agency AR-UNSa-BCEJYS
080 ## - UNIVERSAL DECIMAL CLASSIFICATION NUMBER
Universal Decimal Classification number 338.5.01
Common auxiliary subdivision Teorías de los precios<br/>
100 1# - MAIN ENTRY--PERSONAL NAME
Personal name Vergara, José
245 10 - TITLE STATEMENT
Title Teoría de los Precios
264 #1 - PRODUCTION, PUBLICATION, DISTRIBUTION, MANUFACTURE, AND COPYRIGHT NOTICE
Place of production, publication, distribution, manufacture Madrid :
Name of producer, publisher, distributor, manufacturer Alianza Editorial
Date of production, publication, distribution, manufacture, or copyright notice 1966
300 ## - PHYSICAL DESCRIPTION
Extent 363 p.
Dimensions 24 cm.
505 ## - FORMATTED CONTENTS NOTE
Formatted contents note 1. Introducción - 2. La teoría de la demanda - 3. Los efectos de los impulsos sobre el "bienestar" - 4. El análisis de la incertidumbre basado en la utilidad - 5. Las relaciones entre curvas de oferta y curvas de costes - 6. La Ley de las proporciones variables y las curvas de costes de una empresa - 7. La demanda derivada - 8. La teoría de la distribución proporciones fijas - 9. La teoría de la productividad marginal y la demanda de los factores de producción - 10. El análisis de la productividad marginal: algunas cuestiones generales - 11. La oferta de factores de producción - 12. La distribución cuantitativa de la renta - 13. La teoría del capital y el tipo de interés.
590 ## - LOCAL NOTE (RLIN)
Local note niveau_biblio:m niveau_hierar:0
700 1# - ADDED ENTRY--PERSONAL NAME
Personal name Friedman, Milton
700 1# - ADDED ENTRY--PERSONAL NAME
Personal name San Román, José Vergara L. de
942 ## - ADDED ENTRY ELEMENTS (KOHA)
Koha item type
Existencias
Withdrawn status Lost status Damaged status Not for loan Home library Current library Shelving location Date acquired Total checkouts Full call number Barcode Date last seen Price effective from Koha item type
        Biblioteca Prof. Eusebio Cleto del Rey Biblioteca Prof. Eusebio Cleto del Rey   07/04/2026   338.5.01 F899/1966 L21768 07/04/2026 07/04/2026 Libro
        Biblioteca Prof. Eusebio Cleto del Rey Biblioteca Prof. Eusebio Cleto del Rey   07/04/2026   338.5.01 F899/1966 L24670 07/04/2026 07/04/2026 Libro
        Biblioteca Prof. Eusebio Cleto del Rey Biblioteca Prof. Eusebio Cleto del Rey   07/04/2026   338.5.01 F899/1966 L21769 07/04/2026 07/04/2026 Libro